Statistieken voor Landen met een letter - EE+

Klik hier om de quiz te nemen!

Algemene statistieken

  • Deze quiz is 35 keer genomen
  • De gemiddelde score is 34 van 54

Antwoordstatistieken

CategorieLand% Correct
2 x EVerenigd Koninkrijk
100%
2 x EArgentinië
89%
4 x EDemocratische Republiek Congo
89%
6 x EVerenigde Arabische Emiraten
89%
4 x EVerenigde Staten
89%
2 x EZweden
89%
2 x EAlgerije
78%
2 x EBelgië
78%
2 x EEritrea
78%
3 x ELiechtenstein
78%
2 x ENederland
78%
3 x ENieuw-Zeeland
78%
2 x EOekraïne
78%
2 x ERepubliek Congo
78%
2 x EArmenië
67%
2 x EAzerbeidzjan
67%
3 x EDominicaanse Republiek
67%
2 x EEgypte
67%
2 x EEthiopië
67%
2 x EGriekenland
67%
2 x EIndonesië
67%
2 x ENoorwegen
67%
3 x EPapoea-Nieuw-Guinea
67%
2 x ESalomonseilanden
67%
2 x ETsjechië
67%
2 x EBelize
56%
4 x EBosnië en Herzegovina
56%
4 x ECentraal-Afrikaanse Republiek
56%
3 x EDenemarken
56%
2 x EEquatoriaal-Guinea
56%
2 x EGuinee
56%
2 x EGuinee-Bissau
56%
2 x EJemen
56%
2 x EKoeweit
56%
2 x EMarshalleilanden
56%
2 x EMontenegro
56%
2 x ENoord-Macedonië
56%
5 x ESaint Vincent en de Grenadines
56%
2 x ESaoedi-Arabië
56%
3 x ESao Tomé en Principe
56%
2 x ESenegal
56%
2 x EServië
56%
2 x ESlovenië
56%
2 x ETunesië
56%
2 x EGeorgië
44%
2 x EKaapverdië
44%
2 x EMaleisië
44%
3 x ERoemenië
44%
2 x ESaint Kitts en Nevis
44%
3 x EVenezuela
44%
2 x EKameroen
33%
2 x EOezbekistan
33%
3 x ESeychellen
33%
3 x ESierra Leone
33%

Scoreverdeling

Percentiel versus Aantal Correcte Antwoorden

Procent van Mensen met Elke Score

Uw Scoregeschiedenis

U heeft deze quiz nog niet genomen